[Event "AUTO-MASTER-890"]
[Site "http://www.queenalice.com/game.php?id=643701"]
[Date "2009.8.28"]
[Round "1"]
[White "Vonkinho"]
[Black "Bernobr"]
[Result "1-0"]
[WhiteElo "2223"]
[BlackElo "2001"]

1. d4 d5 2. c4 c6 3. Nf3 Nf6 4. Nc3 e6 5. Bg5 Nbd7 6. e3 Qa5 7. cxd5 Nxd5 8. Qd2
Bb4 9. Rc1 O-O 10. Bc4 h6 11. Bh4 N7b6 12. Bxd5 Nxd5 13. O-O Re8 14. Qc2 Bd6 15.
Ne4 Bc7 16. a3 e5 17. dxe5 Bxe5 18. Nxe5 Rxe5 19. Nd6 Rh5 20. Qe4 Be6 21. Nxb7
Qb6 22. Nc5 Nxe3 23. Na4 Qa6 24. fxe3 Bd5 25. Qg4 Re5 26. Bf6 1-0

[Event "AUTO-MASTER-890"]
[Site "http://www.queenalice.com/game.php?id=643702"]
[Date "2009.8.28"]
[Round "1"]
[White "Bernobr"]
[Black "Vonkinho"]
[Result "0-1"]
[WhiteElo "2014"]
[BlackElo "2232"]

1. e4 e5 2. Nc3 Nf6 3. g3 Bc5 4. Bg2 d6 5. Na4 Bd4 6. c3 Bxf2+ 7. Kxf2 b5 8. d4
bxa4 9. Qxa4+ Bd7 10. Qc2 O-O 11. Nf3 Re8 12. Rf1 Bc6 13. Nh4 exd4 14. cxd4 Bxe4
15. Bxe4 Nxe4+ 16. Kg1 Qd7 17. Qg2 d5 18. Bf4 g5 19. Bxg5 Nc6 20. Nf5 Nxg5 21.
h4 Ne4 22. Nh6+ Kh8 23. Rxf7 Qe6 0-1

[Event "AUTO-MASTER-890"]
[Site "http://www.queenalice.com/game.php?id=643717"]
[Date "2009.8.28"]
[Round "1"]
[White "Bernobr"]
[Black "SubRoger"]
[Result "0-1"]
[WhiteElo "2026"]
[BlackElo "1974"]

1. e4 c5 2. Nc3 d6 3. g3 a6 4. a4 Nc6 5. Bg2 Bd7 6. f4 g6 7. Nf3 Bg7 8. d3 Bg4
9. h3 Bxf3 10. Qxf3 Nd4 11. Qd1 Rb8 12. O-O Nf6 13. Be3 Nd7 14. Rb1 O-O 15. Ne2
Nc6 16. g4 b5 17. axb5 axb5 18. Qd2 Qc7 19. f5 Qa5 20. Qc1 Ra8 21. Bh6 Nb4 22.
Bxg7 Kxg7 23. Ng3 Ne5 24. Rf2 Qb6 25. Qg5 f6 26. Qe3 g5 27. Qe2 Nbc6 28. c3 Ra2
29. Bf1 Rfa8 30. Rh2 c4+ 31. Kh1 Nxd3 32. h4 h6 33. hxg5 hxg5 34. Qc2 Nce5 35.
Bxd3 Nxd3 36. Nf1 Ra1 37. Rh5 Rxb1 38. Qxb1 Nf2+ 0-1

[Event "AUTO-MASTER-890"]
[Site "http://www.queenalice.com/game.php?id=643718"]
[Date "2009.8.28"]
[Round "1"]
[White "SubRoger"]
[Black "Bernobr"]
[Result "1-0"]
[WhiteElo "1939"]
[BlackElo "2022"]

1. e4 c5 2. Nf3 Nc6 3. c3 d6 4. Bb5 Bd7 5. O-O a6 6. Bxc6 Bxc6 7. d3 b5 8. Bf4
Nf6 9. Nbd2 g6 10. e5 dxe5 11. Nxe5 Bb7 12. Ng4 Nxg4 13. Qxg4 Qxd3 14. Rad1 Bg7
15. Nb3 Qc4 16. Qd7+ Kf8 17. Qd8+ Rxd8 18. Rxd8# 1-0

[Event "AUTO-MASTER-890"]
[Site "http://www.queenalice.com/game.php?id=643719"]
[Date "2009.8.28"]
[Round "1"]
[White "Bernobr"]
[Black "docb"]
[Result "0-1"]
[WhiteElo "2012"]
[BlackElo "2111"]

1. e4 Nc6 2. Nc3 Nf6 3. g3 d5 4. exd5 Nxd5 5. Bg2 e6 6. d4 Bb4 7. Ne2 O-O 8. O-O
Nce7 9. a3 Bd6 10. Bg5 f6 11. Bd2 c6 12. Nf4 Nxf4 13. Bxf4 Bxf4 14. gxf4 Nf5 15.
Kh1 Qxd4 16. Qg4 Nh6 17. Qg3 Qb6 18. Rg1 Nf5 19. Qg4 Qxf2 20. Be4 g6 21. Rg2 Qb6
22. h4 Ne3 0-1

[Event "AUTO-MASTER-890"]
[Site "http://www.queenalice.com/game.php?id=643720"]
[Date "2009.8.28"]
[Round "1"]
[White "docb"]
[Black "Bernobr"]
[Result "1-0"]
[WhiteElo "2101"]
[BlackElo "1972"]

1. e4 c5 2. Nc3 Nc6 3. g3 d6 4. Bg2 g6 5. f4 Bg7 6. Nf3 e6 7. O-O Nge7 8. d3 O-O
9. Be3 Nd4 10. e5 Nxf3+ 11. Qxf3 Nf5 12. Bf2 Nd4 13. Qd1 dxe5 14. fxe5 Bxe5 15.
Ne4 Rb8 16. c3 Nc6 17. Nxc5 Qd6 18. d4 Bg7 19. Be3 b6 20. Ne4 Qe7 21. Bg5 f6 22.
Nxf6+ Bxf6 23. Bxf6 Rxf6 24. Bxc6 Rxf1+ 25. Qxf1 Bb7 26. Bxb7 Qxb7 27. Qf4 Rf8
28. Qe3 Qd5 29. Re1 Rf6 30. b3 Kf7 31. Qe4 Rf3 32. c4 Qxe4 33. Rxe4 Rd3 34. c5
bxc5 35. dxc5 Rd1+ 36. Kf2 Rd2+ 37. Re2 Rxe2+ 38. Kxe2 Ke7 39. Kd3 Kd7 40. Ke4
Kc6 41. b4 a5 42. a3 1-0

[Event "AUTO-OPEN-1470"]
[Site "http://www.queenalice.com/game.php?id=650453"]
[Date "2009.9.11"]
[Round "2"]
[White "mvson33"]
[Black "Bernobr"]
[Result "0-1"]
[WhiteElo "1895"]
[BlackElo "1989"]

1. e4 c5 2. d4 cxd4 3. c3 d3 4. Bxd3 Nc6 5. Nf3 d6 6. O-O Nf6 7. Bg5 e6 8. Nbd2
Be7 9. Nd4 O-O 10. N2f3 h6 11. Bh4 a6 12. Bc2 Qc7 13. Rc1 b5 14. Qd3 e5 15. Nxc6
Qxc6 16. Rfd1 Bg4 17. Bxf6 Bxf6 18. Qxd6 Qxd6 19. Rxd6 Rfd8 0-1

[Event "AUTO-OPEN-1470"]
[Site "http://www.queenalice.com/game.php?id=650454"]
[Date "2009.9.11"]
[Round "2"]
[White "Bernobr"]
[Black "mvson33"]
[Result "1-0"]
[WhiteElo "1994"]
[BlackElo "1883"]

1. e4 e5 2. Nc3 Nf6 3. g3 Bc5 4. Bg2 O-O 5. Nge2 c6 6. O-O d5 7. exd5 cxd5 8. d3
Nc6 9. Bg5 Be6 10. Bxf6 gxf6 11. h3 Kh8 12. Kh2 Qd7 13. f4 Rg8 14. fxe5 fxe5 15.
Rf6 Be7 16. Rf1 f5 17. Rf2 1-0

[Event "QA-ANNIV-05"]
[Site "http://www.queenalice.com/game.php?id=654405"]
[Date "2009.9.18"]
[Round "2"]
[White "Bernobr"]
[Black "paloberto"]
[Result "1-0"]
[WhiteElo "1976"]
[BlackElo "1823"]

1. e4 c5 2. Nc3 Nc6 3. g3 g6 4. Bg2 e5 5. d3 Bg7 6. Nge2 Nf6 7. f4 d6 8. O-O O-O
9. h3 Be6 10. Be3 a6 11. a4 d5 12. Bxc5 Re8 13. exd5 Nxd5 14. Qd2 Qd7 15. Rae1
b6 16. Ba3 Rac8 17. Ne4 Ra8 18. Ng5 h6 19. Nxe6 Qxe6 20. fxe5 Qxe5 21. Nf4 Qd4+
22. Kh2 Rxe1 23. Rxe1 Ne5 24. Nxd5 Rd8 25. Ne7+ Kh7 26. Re4 Qxa4 27. Rxa4 a5 28.
Nc6 1-0

[Event "Challenge"]
[Site "http://www.queenalice.com/game.php?id=658690"]
[Date "2009.9.27"]
[Round "-"]
[White "Ebbe"]
[Black "Bernobr"]
[Result "1-0"]
[WhiteElo "1972"]
[BlackElo "2025"]

1. e4 c5 2. Nf3 Nc6 3. Bc4 a6 4. O-O b5 5. Bd5 Bb7 6. d4 e6 7. Bxc6 Bxc6 8. e5
Bxf3 9. Qxf3 cxd4 10. Bf4 Bc5 11. Nd2 Ne7 12. Bg5 O-O 13. Ne4 Bb6 14. Rad1 Re8
15. Qg4 Qc7 16. Nd6 Nc8 17. Nxe8 Qxe5 18. Bf6 1-0

[Event "AUTO-OPEN-1470"]
[Site "http://www.queenalice.com/game.php?id=726731"]
[Date "2010.2.6"]
[Round "3"]
[White "spacey"]
[Black "Bernobr"]
[Result "1-0"]
[WhiteElo "1914"]
[BlackElo "1944"]

1. e4 c5 2. Nc3 Nc6 3. f4 e6 4. Bc4 a6 5. d3 b5 6. Bb3 Nd4 7. Nf3 Nxb3 8. axb3
d6 9. O-O Be7 10. Kh1 Nf6 11. Be3 Bb7 12. Qd2 1-0

[Event "AUTO-OPEN-1470"]
[Site "http://www.queenalice.com/game.php?id=726732"]
[Date "2010.2.6"]
[Round "3"]
[White "Bernobr"]
[Black "spacey"]
[Result "0-1"]
[WhiteElo "1927"]
[BlackElo "1931"]

1. e4 e6 2. d4 d5 3. e5 c5 4. c3 Nc6 5. Be3 Qb6 6. Qd2 Bd7 7. Be2 f6 8. Nf3 Rc8
9. O-O Be7 10. Na3 c4 11. Rfb1 Bxa3 0-1